| 000 | 01199cam a22003011 4500 | ||
|---|---|---|---|
| 001 | rc 01002848 | ||
| 003 | DLC | ||
| 005 | 20260227111908.0 | ||
| 007 | cr_||||||||||| | ||
| 008 | 800403s1878 vau 000 0 eng | ||
| 010 | _arc 01002848 | ||
| 035 | _a(OCoLC)6162059 | ||
| 040 |
_aDLC _cVi _dDLC |
||
| 042 | _apremarc | ||
| 050 | 0 | 0 |
_aF231 _b.M46 |
| 100 | 1 |
_aMaury, Matthew Fontaine, _d1806-1873. |
|
| 245 | 1 | 0 |
_aPhysical survey of Virginia. _bHer resources, climate and productions. _cPreliminary report. No. II. By M. F. Maury. With notes and additions by his son. July 1, 1877. |
| 260 |
_aRichmond, _bN. V. Randolph, _c1878. |
||
| 300 |
_a142 p., 1 l. _bcol. fold. front. _c24 cm. |
||
| 500 | _a"Published by direction of the Board of Immigration [of Virginia]" | ||
| 500 | _a"Note" at end signed: Richard L. Maury. | ||
| 530 | _aAlso available in digital form on the Internet Archive Web site. | ||
| 651 | 0 |
_aVirginia _xDescription and travel. |
|
| 651 | 0 |
_aVirginia _xEconomic conditions. |
|
| 700 | 1 |
_aMaury, Richard L. _q(Richard Lancelot), _d1840-1907, _eed. |
|
| 710 | 1 |
_aVirginia. _bDepartment of Immigration, _epub. |
|
| 856 | 4 | 1 | _uhttp://hdl.loc.gov/loc.gdc/scd0001.00144413921 |
| 999 |
_c52436 _d52436 |
||